000 00534nam a2200169Ia 4500
999 _c22774
_d22774
003 OSt
005 20200323121048.0
008 190216s9999||||xx |||||||||||||| ||und||
040 _coclc
082 _a297.19785
_bSID/S
100 _aSiddiqi, Muhammad Nejatullah
_92171
245 0 _aSome Aspects Of Islamic Economy /
_cMuhammad Nejatullah Siddiqi
260 _bMarkazi Maktaba Islami,
_c2002.
_aDelhi:
300 _a103p
650 _aIslamic History
942 _cBK
_2ddc
_h297.19785
_iSID/S
_k297.19785
_mSID/S